[Event "DSAM Finale 2019"]
[Site "Magdeburg"]
[Date "2019.05.30"]
[Round "2.3"]
[White "Vogel, Constantin"]
[Black "Braeuer, Karl-Heinz"]
[Result "0-1"]
[WhiteElo "2073"]
[BlackElo "1991"]
[Annotator "NA"]
[PlyCount "158"]
[EventDate "2019.05.30"]
[EventType "swiss"]
[EventCountry "GER"]
[SourceTitle "playchess.com"]
[Source "ChessBase"]
[SourceQuality "1"]
[TimeControl "40/5400+30:900+30"]

1. c4 {[%emt 0:00:00]} Nf6 {[%emt 0:00:00]} 2. g3 {[%emt 0:00:00]} e6 {[%emt 0:01:15]} 3. Bg2 {[%emt 0:00:00]} d5 {[%emt 0:00:12]} 4. Nf3 {[%emt 0:00:05]} c6 {[%emt 0:01:49]} 5. b3 {[%emt 0:00:40]} Nbd7 {[%emt 0:00:50]} 6. Bb2 {[%emt 0:00:34]} Bd6 {[%emt 0:00:17]} 7. d4 {[%emt 0:00:18]} Bb4+ {[%emt 0:00:32] E01: Catalan: Early deviations} (7... b5 8. Nbd2 bxc4 9. bxc4 Ba6 10. Qa4 Qc8 11. c5 Be7 12. Qd1 Rb8 13. Bc3 Ne4 14. Nxe4 dxe4 15. Ne5 Nxe5 16. dxe5 Bxc5 17. Bxe4 {½-½ (52) Rakhmanov,A (2629)-Tsydypov,Z (2546) Sochi 2019}) 8. Nbd2 {[%emt 0:01:08]} Ne4 {[%emt 0:00:40]} 9. a3 {[%emt 0:00:55]} Bxd2+ $146 {[%emt 0:02:11]} ({Predecessor:} 9... Nxd2 10. Nxd2 Be7 11. e4 dxe4 12. Nxe4 Nf6 13. O-O O-O 14. Qc2 Qc7 15. Rad1 {1-0 (36) Zgadzaj,R (2115)-Kastelik,A (2135) Jastrzebia Gora 2015}) 10. Nxd2 {[%emt 0:00:09]} Nxd2 {[%emt 0:00:40]} 11. Qxd2 {[%emt 0:00:08]} O-O {[%emt 0:00:07]} 12. O-O {[%emt 0:00:48]} Nf6 {[%emt 0:00:21]} 13. Qd3 {[%emt 0:03:51]} a5 {[%emt 0:00:25]} 14. Rad1 {[%emt 0:01:42]} b6 {[%emt 0:00:17]} 15. Qc2 {[%emt 0:02:35]} Ba6 {[%emt 0:00:38]} 16. Rfe1 {[%emt 0:00:34]} a4 {[%emt 0:00:36]} 17. cxd5 {[%emt 0:00:42]} cxd5 {[%emt 0:00:46]} 18. bxa4 {[%emt 0:00:40]} Bc4 {[%emt 0:00:21]} 19. e4 {[%emt 0:00:42]} Qd7 {[%emt 0:02:01]} 20. e5 {[%emt 0:00:59]} Ne8 {[%emt 0:00:46]} 21. Bc3 {[%emt 0:00:30]} Nc7 {[%emt 0:00:07]} 22. Rb1 {[%emt 0:01:38]} Rxa4 {[%emt 0:04:42]} 23. Rxb6 {[%emt 0:04:30]} Rxa3 {[%emt 0:00:10]} 24. Bb4 {[%emt 0:02:43]} Ra2 {[%emt 0:00:21]} 25. Qb1 {[%emt 0:01:34]} Rfa8 {[%emt 0:00:24]} 26. Bf1 {[%emt 0:03:12]} h6 {[%emt 0:04:33]} 27. Bd6 {[%emt 0:02:41]} R2a7 {[%emt 0:04:23]} 28. Rb8+ {[%emt 0:20:53]} Ne8 {[%emt 0:01:16]} 29. Bxc4 {[%emt 0:00:55]} dxc4 {[%emt 0:00:21]} 30. Bc5 $11 {[%emt 0:02:23]} Rxb8 {[%emt 0:00:41]} 31. Qxb8 {[%emt 0:00:06]} Rb7 {[%emt 0:00:06]} 32. Qa8 {[%emt 0:00:07]} Kh7 {[%emt 0:00:25]} 33. Rc1 {[%emt 0:00:57]} Qc6 {[%emt 0:00:37]} 34. Qa2 {[%emt 0:01:03]} Qb5 {[%emt 0:03:08]} 35. Qe2 {[%emt 0:07:17]} Nc7 {[%emt 0:02:53]} 36. Qe4+ {[%emt 0:13:26]} Kg8 {[%emt 0:01:53]} 37. Rxc4 {[%emt 0:00:19]} Qb1+ {[%emt 0:00:19]} 38. Qxb1 {[%emt 0:00:05]} Rxb1+ {[%emt 0:00:10]} 39. Kg2 {[%emt 0:00:06]} Nd5 {[%emt 0:00:17]} 40. Ra4 {[%emt 0:00:45]} Rb2 {[%emt 0:02:12]} 41. Ra8+ {[%emt 0:16:37]} Kh7 {[%emt 0:15:02]} 42. h4 {[%emt 0:00:48]} h5 {[%emt 0:00:11]} 43. Rf8 {[%emt 0:01:54]} Kg6 {[%emt 0:00:34]} 44. Rg8 {[%emt 0:05:07]} Kh7 {[%emt 0:01:08]} 45. Ra8 {[%emt 0:00:38]} Rc2 {[%emt 0:02:07]} 46. Rb8 {[%emt 0:02:10]} Ne3+ {[%emt 0:01:18]} 47. Kf3 {[%emt 0:02:32]} Ng4 {[%emt 0:02:32]} 48. Rb3 {[%emt 0:01:01]} Rxf2+ {[%emt 0:01:30]} 49. Ke4 {[%emt 0:00:05]} Re2+ {[%emt 0:01:17]} 50. Kf3 {[%emt 0:00:47]} Rc2 {[%emt 0:00:20]} 51. Kf4 {[%emt 0:01:44]} Kg6 {[%emt 0:00:39]} 52. Ra3 {[%emt 0:01:44]} f6 {[%emt 0:08:07]} 53. exf6 {[%emt 0:00:53]} gxf6 {[%emt 0:02:40]} 54. Ra6 {[%emt 0:06:53]} e5+ {[%emt 0:18:54]} 55. Ke4 {[%emt 0:00:58]} Re2+ {[%emt 0:03:41]} 56. Kf3 {[%emt 0:01:49]} Re3+ {[%emt 0:00:22]} 57. Kg2 {[%emt 0:00:06]} Rc3 {[%emt 0:00:54]} 58. Ra2 {[%emt 0:05:21]} e4 {[%emt 0:00:52]} 59. Bb6 {[%emt 0:00:00]} Rd3 {[%emt 0:00:00]} 60. Bc5 {[%emt 0:00:00]} Kf5 {[%emt 0:00:00]} 61. Ra8 {[%emt 0:00:00]} Rd2+ {[%emt 0:00:00]} 62. Kf1 {[%emt 0:00:00]} Nh2+ {[%emt 0:00:00]} 63. Ke1 {[%emt 0:00:00]} Nf3+ {[%emt 0:00:00]} 64. Kf1 {[%emt 0:00:00]} Nxd4 {[%emt 0:00:00]} 65. Bxd4 {[%emt 0:00:00]} Rxd4 {[%emt 0:00:00]} 66. Rg8 {[%emt 0:00:00]} Rd2 {[%emt 0:00:00]} 67. Ke1 {[%emt 0:00:00]} Ra2 {[%emt 0:00:14]} 68. Kf1 {[%emt 0:00:00]} Ke5 {[%emt 0:02:16]} 69. Rh8 {[%emt 0:00:00]} e3 {[%emt 0:00:20]} 70. Rxh5+ {[%emt 0:00:00]} Ke4 {[%emt 0:00:30]} 71. g4 {[%emt 0:00:00]} Rf2+ {[%emt 0:01:30]} 72. Ke1 {[%emt 0:00:00]} Rg2 {[%emt 0:00:25]} 73. Rf5 {[%emt 0:00:48]} Rxg4 {[%emt 0:00:41]} 74. Rxf6 {[%emt 0:00:04]} Rxh4 {[%emt 0:00:24]} 75. Rf8 {[%emt 0:00:28]} Kd3 {[%emt 0:30:20]} 76. Rd8+ {[%emt 0:00:06]} Rd4 {[%emt 0:00:00]} 77. Rxd4+ {[%emt 0:00:34]} Kxd4 {[%emt 0:00:00]} 78. Ke2 {[%emt 0:00:08]} Ke4 {[%emt 0:00:00]} 79. Ke1 {[%emt 0:00:06]} Ke5 {[%emt 0:02:00]} 0-1

[Event "DSAM Finale 2019"]
[Site "Magdeburg"]
[Date "2019.05.30"]
[Round "2.4"]
[White "Goeldenboog, Juergen"]
[Black "Huels, Maximilian"]
[Result "1/2-1/2"]
[WhiteElo "1926"]
[BlackElo "1925"]
[Annotator "NA"]
[PlyCount "79"]
[EventDate "2019.05.30"]
[EventType "swiss"]
[EventCountry "GER"]
[SourceTitle "playchess.com"]
[Source "ChessBase"]
[SourceQuality "1"]
[TimeControl "40/5400+30:900+30"]

1. d4 {[%emt 0:00:00]} d5 {[%emt 0:00:00]} 2. c4 {[%emt 0:00:00]} Nc6 {[%emt 0:00:00]} 3. e3 {[%emt 0:00:38]} e5 {[%emt 0:00:00]} 4. dxe5 {[%emt 0:03:07]} d4 {[%emt 0:00:00]} 5. a3 {[%emt 0:00:15]} Be6 {[%emt 0:03:08]} 6. Nf3 {[%emt 0:00:26]} dxe3 {[%emt 0:03:50]} 7. Qxd8+ {[%emt 0:00:12]} Rxd8 {[%emt 0:02:31]} 8. Bxe3 {[%emt 0:00:14]} Nge7 {[%emt 0:00:58]} 9. Nc3 {[%emt 0:04:16]} h6 {[%emt 0:04:40]} 10. Nb5 {[%emt 0:02:35]} Rd7 {[%emt 0:02:46]} 11. Nbd4 {[%emt 0:04:11]} Bg4 {[%emt 0:14:02]} 12. Be2 {[%emt 0:11:02]} Bxf3 {[%emt 0:01:42]} 13. Nxf3 {[%emt 0:00:34]} Ng6 {[%emt 0:00:47]} 14. e6 {[%emt 0:01:23]} fxe6 {[%emt 0:00:04]} 15. O-O {[%emt 0:00:46]} Bd6 {[%emt 0:05:03]} 16. g3 {[%emt 0:11:32]} O-O {[%emt 0:03:31]} 17. Rad1 {[%emt 0:01:50]} Rfd8 {[%emt 0:01:21]} 18. c5 {[%emt 0:03:48]} Be5 {[%emt 0:06:24]} 19. Rxd7 {[%emt 0:02:41]} Rxd7 {[%emt 0:00:03]} 20. Bc4 {[%emt 0:04:35]} Kf7 {[%emt 0:03:44]} 21. Nxe5+ {[%emt 0:07:00]} Ncxe5 {[%emt 0:01:17]} 22. Be2 {[%emt 0:00:47]} Ne7 {[%emt 0:05:54]} 23. f4 {[%emt 0:04:40]} N5c6 {[%emt 0:00:56]} 24. Bc4 {[%emt 0:08:54]} Nf5 {[%emt 0:01:34]} 25. Re1 {[%emt 0:03:43]} Nxe3 {[%emt 0:05:53]} 26. Rxe3 {[%emt 0:00:20]} Rd1+ {[%emt 0:01:54]} 27. Kf2 {[%emt 0:00:34]} Rd2+ {[%emt 0:00:15]} 28. Re2 {[%emt 0:00:17]} Rxe2+ {[%emt 0:00:30]} 29. Kxe2 {[%emt 0:00:09]} Kf6 {[%emt 0:00:03]} 30. Ke3 {[%emt 0:03:11]} e5 {[%emt 0:00:08]} 31. Bd5 {[%emt 0:02:21]} exf4+ {[%emt 0:01:20]} 32. Kxf4 {[%emt 0:01:27]} Ne5 {[%emt 0:01:59]} 33. b4 {[%emt 0:04:18]} c6 {[%emt 0:00:25]} 34. Bg2 {[%emt 0:01:25]} Nc4 {[%emt 0:01:35]} 35. b5 {[%emt 0:05:06]} Ne5 {[%emt 0:06:02]} 36. bxc6 {[%emt 0:02:50]} bxc6 {[%emt 0:00:03]} 37. h3 {[%emt 0:01:23]} Nd3+ {[%emt 0:00:52]} 38. Ke3 {[%emt 0:00:14]} Nxc5 {[%emt 0:00:14]} 39. Bxc6 {[%emt 0:00:23]} Ke5 {[%emt 0:00:02]} 40. a4 {[%emt 0:04:02]} 1/2-1/2

[Event "DSAM Finale 2019"]
[Site "Magdeburg"]
[Date "2019.05.30"]
[Round "2.5"]
[White "Schwank, Johann"]
[Black "Kuschel, Heidi"]
[Result "1/2-1/2"]
[WhiteElo "1777"]
[BlackElo "1737"]
[Annotator "NA"]
[PlyCount "89"]
[EventDate "2019.05.30"]
[EventType "swiss"]
[EventCountry "GER"]
[SourceTitle "playchess.com"]
[Source "ChessBase"]
[SourceQuality "1"]
[TimeControl "40/5400+30:900+30"]

1. e4 {[%emt 0:00:00]} e5 {[%emt 0:00:00]} 2. Nf3 {[%emt 0:00:00]} Nc6 {[%emt 0:00:00]} 3. Bc4 {[%emt 0:00:00]} Bc5 {[%emt 0:00:00]} 4. b4 {[%emt 0:00:00]} Bxb4 {[%emt 0:00:09]} 5. c3 {[%emt 0:00:00]} Ba5 {[%emt 0:00:05]} 6. d4 {[%emt 0:00:00]} Qe7 {[%emt 0:03:49]} 7. Ba3 {[%emt 0:00:54]} Qf6 {[%emt 0:02:07]} 8. O-O {[%emt 0:03:25]} Bb6 {[%emt 0:02:01]} 9. Re1 {[%emt 0:17:29]} Nge7 {[%emt 0:04:24]} 10. Nbd2 {[%emt 0:04:02]} Ng6 {[%emt 0:08:00]} 11. Nb3 {[%emt 0:06:25]} d6 {[%emt 0:02:06]} 12. d5 {[%emt 0:01:00]} Nb8 {[%emt 0:02:18]} 13. Bc1 {[%emt 0:02:58]} Nh4 {[%emt 0:09:30]} 14. Nbd2 {[%emt 0:06:02]} O-O {[%emt 0:04:26]} 15. Be2 {[%emt 0:03:54]} Bg4 {[%emt 0:03:39]} 16. h3 {[%emt 0:02:17]} Bxh3 {[%emt 0:04:50]} 17. g3 {[%emt 0:06:02]} Nxf3+ {[%emt 0:26:00]} 18. Nxf3 {[%emt 0:00:33]} Bg4 {[%emt 0:01:41]} 19. Bg5 {[%emt 0:00:42]} Qg6 {[%emt 0:02:15]} 20. Be7 {[%emt 0:04:16]} Bxf3 {[%emt 0:02:05]} 21. Bxf3 {[%emt 0:00:34]} Qxg3+ {[%emt 0:00:24]} 22. Kh1 {[%emt 0:02:14]} Qh3+ {[%emt 0:00:18]} 23. Kg1 {[%emt 0:00:10]} Re8 {[%emt 0:00:21]} 24. Bg5 {[%emt 0:01:35]} Qg3+ {[%emt 0:00:21]} 25. Kh1 {[%emt 0:02:05]} Qxg5 {[%emt 0:00:42]} 26. Rg1 {[%emt 0:00:25]} Qh4+ {[%emt 0:00:13]} 27. Kg2 {[%emt 0:00:18]} Qxf2+ {[%emt 0:00:36]} 28. Kh3 {[%emt 0:01:27]} Nd7 {[%emt 0:04:49]} 29. Rg3 {[%emt 0:03:56]} Nc5 {[%emt 0:03:05]} 30. Rc1 {[%emt 0:01:33]} Qe3 {[%emt 0:05:11]} 31. Bh5 {[%emt 0:03:07]} Qh6 {[%emt 0:01:07]} 32. Qf3 {[%emt 0:01:38]} Re7 {[%emt 0:02:12]} 33. Rh1 {[%emt 0:00:56]} Qf4 {[%emt 0:00:34]} 34. Qg2 {[%emt 0:00:43]} Qh6 {[%emt 0:01:20]} 35. Qe2 {[%emt 0:00:42]} f6 {[%emt 0:02:33]} 36. Kg2 {[%emt 0:00:15]} Qf4 {[%emt 0:00:13]} 37. Rg4 {[%emt 0:00:40]} Qh6 {[%emt 0:01:25]} 38. Bg6 {[%emt 0:04:37]} Qxg6 {[%emt 0:02:27]} 39. Rxg6 {[%emt 0:00:03]} hxg6 {[%emt 0:00:08]} 40. Rh3 {[%emt 0:02:43]} Rf8 {[%emt 0:00:55]} 41. Qg4 {[%emt 0:15:38]} Kf7 {[%emt 0:04:10]} 42. Rg3 {[%emt 0:00:00]} Ke8 {[%emt 0:01:05]} 43. Qc8+ {[%emt 0:21:12]} Kf7 {[%emt 0:00:18]} 44. Qg4 {[%emt 0:00:00]} Ke8 {[%emt 0:00:16]} 45. Qc8+ {[%emt 0:00:00]} 1/2-1/2

[Event "DSAM Finale 2019"]
[Site "Magdeburg"]
[Date "2019.05.30"]
[Round "2.6"]
[White "Gebhard, Andreas"]
[Black "Markosyan, Aleksandr"]
[Result "0-1"]
[WhiteElo "1595"]
[BlackElo "1598"]
[Annotator "NA"]
[PlyCount "84"]
[EventDate "2019.05.30"]
[EventType "swiss"]
[EventCountry "GER"]
[SourceTitle "playchess.com"]
[Source "ChessBase"]
[SourceQuality "1"]
[TimeControl "40/5400+30:900+30"]

1. e4 {[%emt 0:00:00]} c5 {[%emt 0:00:00]} 2. Nf3 {[%emt 0:00:00]} g6 {[%emt 0:00:00]} 3. d4 {[%emt 0:00:16]} cxd4 {[%emt 0:00:00]} 4. Qxd4 {[%emt 0:00:06]} Nf6 {[%emt 0:00:02]} 5. e5 {[%emt 0:00:58]} Nc6 {[%emt 0:00:05]} 6. Qh4 {[%emt 0:02:18]} Nxe5 {[%emt 0:03:53]} 7. Nxe5 {[%emt 0:02:57]} Qa5+ {[%emt 0:00:05]} 8. Nc3 {[%emt 0:00:33]} Qxe5+ {[%emt 0:00:06]} 9. Be2 {[%emt 0:00:14]} Bg7 {[%emt 0:01:59]} 10. O-O {[%emt 0:02:28]} O-O {[%emt 0:01:20]} 11. Bf4 {[%emt 0:00:40]} Qa5 {[%emt 0:02:30]} 12. Rad1 {[%emt 0:03:46]} d6 {[%emt 0:02:01]} 13. Bh6 {[%emt 0:04:06]} Bd7 {[%emt 0:02:31]} 14. Bxg7 {[%emt 0:00:54]} Kxg7 {[%emt 0:00:12]} 15. Qd4 {[%emt 0:07:37]} Bc6 {[%emt 0:02:39]} 16. b4 {[%emt 0:06:44]} Qg5 {[%emt 0:00:41]} 17. f3 {[%emt 0:01:31]} a6 {[%emt 0:01:00]} 18. Ne4 {[%emt 0:06:00]} Bxe4 {[%emt 0:00:25]} 19. fxe4 {[%emt 0:00:03]} Rfd8 {[%emt 0:03:28]} 20. Kh1 {[%emt 0:01:50]} Rac8 {[%emt 0:00:57]} 21. c4 {[%emt 0:00:30]} b5 {[%emt 0:10:06]} 22. cxb5 {[%emt 0:07:33]} axb5 {[%emt 0:00:11]} 23. e5 {[%emt 0:00:59]} dxe5 {[%emt 0:01:26]} 24. Qxd8 {[%emt 0:02:58]} Rxd8 {[%emt 0:00:08]} 25. Rxd8 {[%emt 0:00:02]} e4 {[%emt 0:00:30]} 26. Rfd1 {[%emt 0:03:21]} e3 {[%emt 0:00:58]} 27. R8d4 {[%emt 0:01:10]} e6 {[%emt 0:01:31]} 28. Re1 {[%emt 0:09:54]} Qe5 {[%emt 0:02:33]} 29. Rdd1 {[%emt 0:01:52]} Nd5 {[%emt 0:02:25]} 30. a3 {[%emt 0:02:42]} Qb2 {[%emt 0:04:07]} 31. Bf3 {[%emt 0:04:06]} Nc3 {[%emt 0:01:24]} 32. Rd3 {[%emt 0:04:04]} Qxa3 {[%emt 0:01:07]} 33. Rdxe3 {[%emt 0:01:16]} Qxb4 {[%emt 0:00:28]} 34. h3 {[%emt 0:00:53]} Qa5 {[%emt 0:01:31]} 35. Re5 {[%emt 0:00:37]} Qa4 {[%emt 0:01:43]} 36. Bc6 {[%emt 0:00:41]} Qc4 {[%emt 0:00:18]} 37. Bf3 {[%emt 0:02:57]} b4 {[%emt 0:00:54]} 38. Be2 {[%emt 0:00:05]} Qd4 {[%emt 0:01:33]} 39. Bf3 {[%emt 0:01:49]} b3 {[%emt 0:00:31]} 40. R5e3 {[%emt 0:00:48]} b2 {[%emt 0:00:28]} 41. Be4 {[%emt 0:15:36]} Nxe4 {[%emt 0:15:18]} 42. Rxe4 {[%emt 0:00:17]} Qxe4 {[%emt 0:00:05]} 0-1

[Event "DSAM Finale 2019"]
[Site "Magdeburg"]
[Date "2019.05.30"]
[Round "2.7"]
[White "Nelles, Werner"]
[Black "Abou Wally, Adrian"]
[Result "1/2-1/2"]
[WhiteElo "1416"]
[BlackElo "1342"]
[Annotator "NA"]
[PlyCount "56"]
[EventDate "2019.05.30"]
[EventType "swiss"]
[EventCountry "GER"]
[SourceTitle "playchess.com"]
[Source "ChessBase"]
[SourceQuality "1"]
[TimeControl "40/5400+30:900+30"]

1. c4 {[%emt 0:00:00]} c5 {[%emt 0:00:00]} 2. Nc3 {[%emt 0:00:05]} Nc6 {[%emt 0:00:00]} 3. Nf3 {[%emt 0:01:03]} g6 {[%emt 0:00:00]} 4. e3 {[%emt 0:01:52]} e5 {[%emt 0:00:04]} 5. Be2 {[%emt 0:01:21]} Bg7 {[%emt 0:00:14]} 6. Ne4 {[%emt 0:00:51]} d6 {[%emt 0:00:42]} 7. O-O {[%emt 0:01:47]} Nge7 {[%emt 0:00:20]} 8. Rb1 {[%emt 0:04:47]} a5 {[%emt 0:00:50]} 9. a3 {[%emt 0:00:32]} O-O {[%emt 0:01:04]} 10. d3 {[%emt 0:01:35]} f5 {[%emt 0:00:26]} 11. Nc3 {[%emt 0:02:08]} Be6 {[%emt 0:09:42]} 12. Ng5 {[%emt 0:02:10]} Bd7 {[%emt 0:01:17]} 13. Nf3 {[%emt 0:03:02]} h6 {[%emt 0:01:31]} 14. e4 {[%emt 0:01:18]} f4 {[%emt 0:00:51]} 15. Nb5 {[%emt 0:02:20]} Be6 {[%emt 0:00:47]} 16. Bd2 {[%emt 0:02:21]} g5 {[%emt 0:00:14]} 17. Bc3 {[%emt 0:00:38]} Ng6 {[%emt 0:02:07]} 18. Kh1 {[%emt 0:01:44]} g4 {[%emt 0:00:39]} 19. Ne1 {[%emt 0:01:58]} Qh4 {[%emt 0:00:56]} 20. Nxd6 {[%emt 0:01:17]} g3 {[%emt 0:08:00]} 21. Nf3 {[%emt 0:00:50]} Qh5 {[%emt 0:00:28]} 22. fxg3 {[%emt 0:02:08]} fxg3 {[%emt 0:00:12]} 23. Nf5 {[%emt 0:02:00]} Bxf5 {[%emt 0:04:31]} 24. exf5 {[%emt 0:00:55]} Rxf5 {[%emt 0:00:10]} 25. h3 {[%emt 1:03:48]} Nf4 {[%emt 1:07:25]} 26. Ng1 {[%emt 0:00:00]} Nxe2 {[%emt 0:00:00]} 27. Rxf5 {[%emt 0:00:00]} Qxf5 {[%emt 0:00:00]} 28. Qxe2 {[%emt 0:00:00]} Nd4 {[%emt 0:00:00]} 1/2-1/2

[Event "DSAM Finale 2019"]
[Site "Magdeburg"]
[Date "2019.05.31"]
[Round "3.1"]
[White "Peist, Juergen"]
[Black "Koellner, Ruben Gideon"]
[Result "1/2-1/2"]
[WhiteElo "2290"]
[BlackElo "2290"]
[Annotator "TA"]
[PlyCount "108"]
[EventDate "2019.05.30"]
[EventType "swiss"]
[EventCountry "GER"]
[SourceTitle "playchess.com"]
[Source "ChessBase"]
[SourceQuality "1"]

{[%evp 34,108,0,0,25,29,28,27,38,0,151,8,39,6,6,7,8,-21,-22,-24,-24,-24,-3,-6,0,-123,-123,-152,-162,-158,-75,-74,-61,-61,-61,-66,-41,-36,-25,-47,-53,-54,-16,-19,0,0,0,0,0,0,0,0,0,0,0,0,0,0,0,0,0,0,0,0,0,0,89,0,0,0,0,0,0,0,0,0,0]} 1. Nf3 Nf6 2. c4 e6 3. Nc3 d5 4. d4 Be7 5. Bg5 h6 6. Bxf6 Bxf6 7. e3 c6 8. Rc1 Nd7 9. h3 O-O 10. Bd3 dxc4 11. Bxc4 e5 12. O-O exd4 13. exd4 Nb6 14. Bb3 Bf5 15. Re1 Re8 16. Rxe8+ Qxe8 17. Qd2 Qd7 18. Re1 Qd6 {D55: Queen's Gambit Declined: 4 Bg5 Be7: Lines without ...h6 and 6...h6 7 Bxf6} (18... a5 19. a3 Re8 20. Rxe8+ Qxe8 21. Qf4 Be6 22. Bxe6 Qxe6 23. Qc7 Nc4 24. Qxb7 Bxd4 25. Nxd4 Qe1+ 26. Kh2 Qe5+ 27. Kg1 Qe1+ 28. Kh2 Qe5+ 29. g3 Qxd4 30. Qc8+ Kh7 31. Qf5+ Kg8 32. Kg2 Nxb2 33. Qc8+ Kh7 34. Qf5+ Kg8 35. Qc8+ {½-½ (35) Erdos,V (2619)-Lupulescu,C (2617) Rio Achaea 2018}) 19. Ne5 Bxe5 20. Rxe5 Bg6 {White has an edge.} 21. Qe3 Rd8 $2 {[#]} ({Black should try} 21... Nd7 $11 22. Re8+ Rxe8 23. Qxe8+ Kh7) 22. d5 (22. f4 $1 $16) 22... Kh7 23. f4 $146 {aiming for f5.} ({Predecessor:} 23. h4 Nd7 {1-0 (55) Morris,C (2205)-Dutreeuw,M (2400) Haifa 1989}) 23... cxd5 24. Nxd5 Nd7 25. Re7 Nc5 26. Nc3 Nxb3 27. axb3 Qb4 28. Qe5 Kg8 ({Reject} 28... Qxb3 29. f5 $14) 29. f5 {[#]} (29. Kh2 $11 {keeps the balance.}) 29... Bxf5 $1 $17 {[%mdl 512]} 30. Qc7 {[#]} (30. Qxf5 Qxe7) 30... Qd4+ $1 31. Kh1 Rd7 (31... Be6 $142 32. Ne2 Qd2) 32. Rxd7 Qxd7 33. Qb8+ Kh7 34. Qxa7 Be6 35. b4 Bd5 {( -> ...Qxh3+)} 36. Qe3 {Qd3+ is the strong threat.} Bc6 37. Kg1 f5 38. Qe5 b5 39. Ne2 Be4 40. Nd4 Bd3 41. Kf2 Be4 42. g4 {[%cal Rg4f5]} g6 43. Kg3 Qd8 44. h4 h5 45. g5 Qd7 46. Kf4 Bd5 47. Ke3 Qb7 48. Qd6 Bf7 {White must now prevent ...Qe4+.} 49. Nc6 Be8 (49... Qb6+ $11 {remains equal.} 50. Qc5 Qb7) 50. Ne5 ({Better is} 50. Qe7+ $16 Qxe7+ 51. Nxe7) 50... Bf7 {The position is equal.} 51. Kd4 Qa7+ $1 52. Qc5 Qb7 53. Qd6 Qa7+ $1 54. Qc5 Qb7 {Accuracy: White = 64%, Black = 61%.} 1/2-1/2

[Event "DSAM Finale 2019"]
[Site "Magdeburg"]
[Date "2019.05.31"]
[Round "3.2"]
[White "Voicu-Jagodzinsky, Carmen"]
[Black "Hesse, Henrik"]
[Result "1/2-1/2"]
[WhiteElo "2227"]
[BlackElo "2166"]
[Annotator "TA"]
[PlyCount "82"]
[EventDate "2019.05.30"]
[EventType "swiss"]
[EventCountry "GER"]
[SourceTitle "playchess.com"]
[Source "ChessBase"]
[SourceQuality "1"]

{[%evp 9,82,0,4,-2,4,-12,-10,-16,-13,-47,12,1,0,0,37,34,81,28,30,21,36,25,30,34,46,16,100,4,134,126,141,45,52,22,24,24,39,0,0,10,0,0,0,0,0,0,16,24,20,0,10,14,20,0,0,0,0,0,0,0,0,0,0,0,0,0,0,0,0,0,0,0,0,0,0]} 1. e4 c5 2. Nc3 e6 3. f4 d5 4. Nf3 Nf6 5. e5 Nfd7 6. b3 {B02: Alekhine's Defence: Chase Variation and lines with early Nc3} (6. d4 Nc6 7. Be3 a6 8. Qd2 b5 9. a3 Qc7 10. Rd1 cxd4 11. Nxd4 Nxd4 12. Bxd4 Bc5 13. Bxc5 Qxc5 14. Bd3 O-O 15. Ne2 f6 16. Nd4 Qb6 17. Qe3 fxe5 18. fxe5 {1-0 (56) Jones,G (2644)-Baburin,A (2534) Kilkenny 2012}) 6... Nc6 7. Bb2 a6 8. a4 f6 9. Bd3 $146 ({Predecessor:} 9. Qe2 Be7 10. O-O-O fxe5 11. fxe5 b6 12. g4 Qc7 13. Re1 Bb7 14. Bg2 {1-0 (27) Leite,T (1963)-Dantas,C (1567) Manaus 2018}) 9... Nb4 (9... fxe5 $15 10. Nxe5 Ndxe5 11. fxe5 g6) 10. O-O $11 Nxd3 11. cxd3 f5 12. d4 $36 {[%mdl 2048] White fights for an advantage.} b6 13. Kh1 ({White should try} 13. Ba3 $16) 13... Be7 14. dxc5 bxc5 15. d4 O-O 16. a5 Rb8 17. Qc2 Qc7 (17... Bb7 $11 {keeps the balance.}) 18. Na4 (18. Ba3 $16) 18... Qxa5 (18... c4 $11) 19. Ba3 $16 {[%cal Rd4c5]} Bb7 20. Bxc5 ({Don't take} 20. Nxc5 Rfc8 $14) (20. dxc5 $16 {aiming for Nd4.} Rfc8 21. b4 (21. Nd4 Bxc5 22. Nxc5 Nxc5 $16)) 20... Rfc8 $14 21. Qd1 Qd8 {[%cal Rd7c5]} 22. b4 Bc6 23. Nc3 Nxc5 24. bxc5 a5 25. Rf2 Rb4 26. Rfa2 Ra8 $1 27. Na4 Bxa4 28. Rxa4 Qb8 29. h3 {The position is equal.} ({Avoid the trap} 29. Rxa5 $2 Rxa5 30. Rxa5 {[#]} Rb1 $1 $19 {[%mdl 512]}) 29... Bd8 30. Kh2 Rb2 31. Ng5 Bxg5 32. fxg5 Qb5 33. c6 Qxc6 34. Rxa5 Rxa5 35. Rxa5 $11 {[%mdl 4096] Endgame KQR-KQR} Rb8 36. Ra7 Ra8 37. Qa1 Rxa7 38. Qxa7 Qe8 39. Qc7 Kf8 40. Kg3 Qe7 41. Qc8+ Kf7 {Accuracy: White = 47%, Black = 61%.} 1/2-1/2

[Event "DSAM Finale 2019"]
[Site "Magdeburg"]
[Date "2019.05.31"]
[Round "3.3"]
[White "Braeutigam, Irina"]
[Black "Lenhardt, Manfred"]
[Result "1/2-1/2"]
[WhiteElo "1973"]
[BlackElo "2018"]
[Annotator "NA RC"]
[PlyCount "29"]
[EventDate "2019.05.30"]
[EventType "swiss"]
[EventCountry "GER"]
[SourceTitle "playchess.com"]
[Source "ChessBase"]
[SourceQuality "1"]
[TimeControl "40/5400+30:900+30"]

{[%evp 8,27,30,21,27,32767,32767,-34,-14,-57,32767,22,39,12,56,23,81,53,92,20,100,41]} 1. e4 {[%emt 0:00:00]} g6 {[%emt 0:00:00]} 2. d4 {[%emt 0:00:00]} Bg7 {[%emt 0:00:00]} 3. c4 {[%emt 0:04:22]} Nc6 {[%emt 0:00:49]} 4. Be3 {[%emt 0:03:40]} e5 {[%emt 0:01:33]} 5. d5 {[%emt 0:02:23]} Nd4 {[%emt 0:00:08]} 6. Nc3 {[%emt 0:18:31]} c5 {[%emt 0:01:19]} 7. f4 {[%emt 0:15:17]} (7. Bd3 $14) 7... d6 {[%emt 0:11:53]} 8. Nf3 {[%emt 0:01:06]} Ne7 {[%emt 0:04:33]} 9. Be2 {[%emt 0:02:15]} O-O {[%emt 0:02:58]} 10. O-O {[%emt 0:00:06]} a6 {[%emt 0:15:19]} 11. Qd2 {[%emt 0:00:55]} f6 {[%emt 0:11:52]} 12. Rab1 {[%emt 0:03:18]} Qa5 {[%emt 0:08:51]} 13. a3 $11 {[%emt 0:04:41]} ({White should play} 13. fxe5 $16 dxe5 14. b4 cxb4 15. Bxd4) 13... Bd7 {[%emt 0:06:23]} ({Better is} 13... exf4 $14 14. Bxf4 (14. Bxd4 cxd4 15. Nxd4 f5 $11) 14... Nxe2+ 15. Nxe2 (15. Qxe2 Qc7 $14) 15... Qc7) 14. fxe5 {[%emt 0:09:03]} fxe5 {[%emt 0:11:26]} 15. Qd1 {[%emt 0:31:53]} 1/2-1/2